|
|
|
|
| LEADER |
00000nam0a2200000 4500 |
| 001 |
108868 |
| 005 |
20231031115838.0 |
| 035 |
|
|
|a (RuTPU)RU\TPU\book\117522
|
| 090 |
|
|
|a 108868
|
| 100 |
|
|
|a 20070126d2006 k y0rusy50 ca
|
| 101 |
0 |
|
|a rus
|
| 102 |
|
|
|a RU
|
| 105 |
|
|
|a a dm 001zy
|
| 200 |
1 |
|
|a Разработка оборудования для учета расхода воды и волокнистых суспензий в технологических процессах целлюлозно-бумажного производства
|e автореферат диссертации на соискание ученой степени доктора технических наук
|e спец. 05.21.03
|f М. С. Лурье
|g Сибирский государственный технологический университет; науч. конс. В. В. Огурцов
|
| 210 |
|
|
|a Красноярск
|c [Б. и.]
|d 2006
|
| 215 |
|
|
|a 32 с.
|c ил.
|
| 300 |
|
|
|a Защита сост. 24.11.2006 г.
|
| 320 |
|
|
|a Библиогр.: с. 30-32 (35 назв.).
|
| 610 |
1 |
|
|a целлюлозно-бумажная промышленность
|
| 610 |
1 |
|
|a вода
|
| 610 |
1 |
|
|a волокнистые суспензии
|
| 610 |
1 |
|
|a расход
|
| 610 |
1 |
|
|a измерение
|
| 610 |
1 |
|
|a перспективные средства
|
| 610 |
1 |
|
|a кондуктометрические вихревые расходомеры
|
| 610 |
1 |
|
|a погрешности
|
| 610 |
1 |
|
|a математические модели
|
| 610 |
1 |
|
|a разработка
|
| 610 |
1 |
|
|a испытание
|
| 610 |
1 |
|
|a авторефераты диссертаций
|
| 675 |
|
|
|a 676.05(04)
|v 3
|
| 686 |
|
|
|a 05.21.03
|2 oksvnk
|
| 700 |
|
1 |
|a Лурье
|b М. С.
|g Михаил Семенович
|
| 702 |
|
1 |
|a Огурцов
|b В. В.
|g Виктор Владимирович
|4 695
|
| 712 |
0 |
2 |
|a Сибирский государственный технологический университет
|2 stltpush
|3 (RuTPU)RU\TPU\col\5642
|
| 801 |
|
1 |
|a RU
|b 63413507
|c 20070126
|g PSBO
|
| 801 |
|
2 |
|a RU
|b 63413507
|c 20070222
|g PSBO
|
| 942 |
|
|
|c BK
|